[Event "22nd European Teams"]
[Site "Batumi GEO"]
[Date "2019.10.27"]
[Round "4.4"]
[Board "2"]
[White "Laznicka, Viktor"]
[Black "Naiditsch, Arkadij"]
[Result "1/2-1/2"]
[WhiteTitle "GM"]
[BlackTitle "GM"]
[WhiteElo "2667"]
[BlackElo "2643"]
[WhiteTeam "Czech Republic"]
[BlackTeam "Azerbaijan"]
[WhiteFideId "316385"]
[BlackFideId "4650891"]
[EventDate "2019.10.24"]

1. d4 Nf6 2. c4 e6 3. g3 d5 4. Nf3 Bb4+ 5. Bd2 Be7 6. Bg2 O-O 7. O-O c6 8. Qc2
Nbd7 9. Rd1 b6 10. Bf4 Bb7 11. Ne5 Rc8 12. Nc3 Nh5 13. Bc1 Nhf6 14. e4 dxc4 15.
Nxc4 b5 16. Ne3 Qb6 17. b3 Rfd8 18. Bb2 Bf8 19. Rac1 g6 20. Qe2 e5 21. dxe5 Nxe5
22. Rxd8 Rxd8 23. Na4 bxa4 24. Bxe5 c5 25. bxa4 Nxe4 26. Nc4 Qc6 27. Qc2 Ba8 28.
Re1 f5 29. h4 Qe6 30. Ba1 Qf7 31. Ne5 Qe6 32. Nc4 Qf7 33. Ne5 Qe6 34. Nc4 Qd7
35. Bf1 Bg7 36. Bxg7 Kxg7 37. Bg2 Qd4 38. Ne3 Qd2 39. Re2 Qb4 40. Kh2 Bc6 41.
Qc1 Rd3 42. h5 Rc3 43. Nxf5+ gxf5 44. Qf4 Qc4 45. Qe5+ Kf7 46. Qc7+ Kf8 47. Qc8+
Ke7 48. Qc7+ Kf8 49. Qc8+ Ke7 1/2-1/2

[Event "22nd European Teams"]
[Site "Batumi GEO"]
[Date "2019.10.27"]
[Round "4.4"]
[Board "3"]
[White "Mamedov, Rauf"]
[Black "Stocek, Jiri"]
[Result "1-0"]
[WhiteTitle "GM"]
[BlackTitle "GM"]
[WhiteElo "2645"]
[BlackElo "2569"]
[WhiteTeam "Azerbaijan"]
[BlackTeam "Czech Republic"]
[WhiteFideId "13401653"]
[BlackFideId "304760"]
[EventDate "2019.10.24"]

1. e4 c5 2. c3 Nf6 3. e5 Nd5 4. Nf3 d6 5. d4 cxd4 6. cxd4 e6 7. Bc4 Nb6 8. Bd3
Nc6 9. exd6 Nb4 10. Be4 Bxd6 11. Nc3 f5 12. Bb1 O-O 13. O-O Bd7 14. Re1 Rc8 15.
Bg5 Qc7 16. a3 N4d5 17. Ba2 Nxc3 18. bxc3 Rfe8 19. d5 exd5 20. Be3 Bc6 21. Qd3
Nc4 22. Qxf5 Nxe3 23. fxe3 Qf7 24. Qd3 Qh5 25. e4 Bxa3 26. Kh1 Kh8 27. exd5 Bd7
28. d6 Rcd8 29. Qd5 Qxd5 30. Bxd5 Rxe1+ 31. Rxe1 Re8 32. Ne5 g6 33. Re4 Rf8 34.
g4 Bb5 35. c4 Ba4 36. Nf7+ Kg7 37. Re7 Rb8 38. Ng5+ 1-0

[Event "22nd European Teams"]
[Site "Batumi GEO"]
[Date "2019.10.27"]
[Round "4.4"]
[Board "4"]
[White "Michalik, Peter"]
[Black "Guseinov, Gadir"]
[Result "1/2-1/2"]
[WhiteTitle "GM"]
[BlackTitle "GM"]
[WhiteElo "2578"]
[BlackElo "2660"]
[WhiteTeam "Czech Republic"]
[BlackTeam "Azerbaijan"]
[WhiteFideId "14907526"]
[BlackFideId "13401378"]
[EventDate "2019.10.24"]

1. e4 c5 2. Nf3 g6 3. d4 cxd4 4. Nxd4 Nc6 5. c4 Nf6 6. Nc3 Nxd4 7. Qxd4 d6 8.
Be3 Bg7 9. f3 O-O 10. Qd2 Be6 11. Rc1 Qa5 12. b3 Rfc8 13. g4 a6 14. Na4 Qxd2+
15. Kxd2 Nd7 16. h4 Rc6 17. g5 Nc5 18. Nc3 Bxc3+ 19. Kxc3 b5 20. cxb5 Nxe4+ 21.
Kb4 Rxc1 22. Bxc1 Ng3 23. Rg1 Nxf1 24. Rxf1 axb5 25. Rf2 Bd7 26. Rc2 Kf8 27. Be3
Ke8 28. a3 Ra6 29. Rc7 Kd8 30. Ra7 Rxa7 31. Bxa7 e5 32. Be3 Ke7 33. f4 e4 34.
Kc3 Ke6 35. Kd4 Kf5 36. Bd2 Bc6 37. Ke3 Kg4 38. a4 bxa4 39. bxa4 Kxh4 40. a5 Kg4
41. a6 Kf5 42. Bc3 f6 43. gxf6 Ke6 44. a7 h5 45. Kf2 d5 46. Bd4 h4 47. Kg1 e3
48. Bxe3 Kxf6 49. Kh2 Kf5 50. Kh3 d4 51. Bxd4 Kxf4 52. Kxh4 1/2-1/2

[Event "22nd European Teams"]
[Site "Batumi GEO"]
[Date "2019.10.27"]
[Round "4.5"]
[Board "1"]
[White "Anton Guijarro, David"]
[Black "Saric, Ivan"]
[Result "1/2-1/2"]
[WhiteTitle "GM"]
[BlackTitle "GM"]
[WhiteElo "2674"]
[BlackElo "2667"]
[WhiteTeam "Spain"]
[BlackTeam "Croatia"]
[WhiteFideId "2285525"]
[BlackFideId "14508150"]
[EventDate "2019.10.24"]

1. d4 d5 2. c4 c6 3. Nf3 Nf6 4. Nc3 e6 5. Bg5 h6 6. Bxf6 Qxf6 7. e3 Nd7 8. Qd2
Bb4 9. a3 Bxc3 10. Qxc3 O-O 11. Rc1 Re8 12. b4 dxc4 13. Bxc4 a5 14. b5 c5 15.
O-O b6 16. dxc5 Qxc3 17. Rxc3 Nxc5 18. Ne5 Bb7 19. Be2 Rad8 20. Bf3 Bxf3 21.
gxf3 Rd5 22. Nc6 a4 23. Rc4 Nb3 24. Rxa4 Rxb5 25. Rb1 Rg5+ 26. Rg4 Rc5 27. Rxb3
Rxc6 28. Rgb4 Ra8 29. Rxb6 Rxb6 30. Rxb6 Rxa3 31. Kg2 1/2-1/2

[Event "22nd European Teams"]
[Site "Batumi GEO"]
[Date "2019.10.27"]
[Round "4.5"]
[Board "2"]
[White "Bosiocic, Marin"]
[Black "Vallejo Pons, Francisco"]
[Result "1-0"]
[WhiteTitle "GM"]
[BlackTitle "GM"]
[WhiteElo "2619"]
[BlackElo "2694"]
[WhiteTeam "Croatia"]
[BlackTeam "Spain"]
[WhiteFideId "14507927"]
[BlackFideId "2205530"]
[EventDate "2019.10.24"]

1. Nf3 d5 2. d4 Nf6 3. g3 c5 4. Bg2 cxd4 5. O-O a6 6. Nxd4 e5 7. Nb3 Be6 8. c4
Nc6 9. cxd5 Nxd5 10. N1d2 Qb6 11. Ne4 Rd8 12. Ng5 Nf4 13. Be3 Rxd1 14. Bxb6
Nxe2+ 15. Kh1 Rxf1+ 16. Rxf1 Bxb3 17. axb3 Be7 18. Bxc6+ bxc6 19. Nf3 e4 20. Ne5
Bf6 21. Rd1 Nc1 22. Nxc6 Nxb3 23. Nb8 O-O 24. Nd7 Re8 25. Nxf6+ gxf6 26. Be3 Kg7
27. Kg2 Re5 28. Rd6 Re6 29. Rd5 Re5 30. Rd8 Na5 31. Rc8 Re6 32. g4 Nc6 33. h4
Ne7 34. Rd8 h6 35. Kg3 Nc6 36. Ra8 Ne5 37. Bc5 Nd7 38. Bd4 Rd6 39. Bc3 Re6 40.
Kf4 Nf8 41. g5 Ng6+ 42. Kg4 Kh7 43. Ra7 f5+ 44. Kxf5 Ne7+ 45. Kg4 hxg5 46. hxg5
Kg6 47. Ra8 e3 48. fxe3 Re4+ 49. Kf3 Re6 50. Bf6 Nd5 51. Rg8+ Kf5 52. Bd4 Ne7
53. Rg7 Ng6 54. Rxf7+ Kxg5 55. Rc7 Nh4+ 56. Ke2 Nf5 57. Bc5 Ng3+ 58. Kd3 Ne4 59.
Bd4 Nf2+ 60. Kc4 Ng4 61. Kd5 Re8 62. Rg7+ Kf5 63. Rf7+ Kg6 64. Rf3 a5 65. e4
Rd8+ 66. Kc4 Rc8+ 67. Kd3 Rc1 68. Rf4 Rd1+ 69. Kc3 Nh6 70. Rf6+ Kg5 71. Rf8 Re1
72. Kd3 Rd1+ 73. Kc4 Re1 74. Kd5 Rd1 75. Kc4 Re1 76. e5 Nf5 77. Bc3 Re2 78. Kb5
Ne3 79. Rb8 Kf5 80. Kxa5 Nd1 81. Bd4 Rd2 82. Rf8+ Ke6 83. Rf6+ Kd5 84. Rd6+ Ke4
85. Bc3 Rd5+ 86. Kb6 Ne3 87. Kc6 Nf5 88. Rxd5 Ne7+ 89. Kd6 Nxd5 90. e6 1-0

[Event "22nd European Teams"]
[Site "Batumi GEO"]
[Date "2019.10.27"]
[Round "4.5"]
[Board "3"]
[White "Shirov, Alexei"]
[Black "Brkic, Ante"]
[Result "1/2-1/2"]
[WhiteTitle "GM"]
[BlackTitle "GM"]
[WhiteElo "2664"]
[BlackElo "2600"]
[WhiteTeam "Spain"]
[BlackTeam "Croatia"]
[WhiteFideId "2209390"]
[BlackFideId "14506688"]
[EventDate "2019.10.24"]

1. e4 e5 2. Nf3 Nc6 3. Bb5 a6 4. Ba4 Nf6 5. O-O Nxe4 6. d4 b5 7. Bb3 d5 8. dxe5
Be6 9. Be3 Be7 10. c3 O-O 11. Nbd2 Bg4 12. Nxe4 dxe4 13. Qd5 Qxd5 14. Bxd5 exf3
15. Bxc6 fxg2 16. Rfc1 Rab8 17. a4 b4 18. Bxg2 c5 19. cxb4 Rxb4 20. Bxc5 Bxc5
21. Rxc5 Rxb2 22. h3 Be6 23. Rc6 Rfb8 24. Rxa6 Rb1+ 25. Rxb1 Rxb1+ 26. Kh2 g5
27. Bf3 Rb4 28. a5 Rb5 29. Bg4 Bxg4 30. hxg4 Rxe5 31. Ra8+ Kg7 32. a6 1/2-1/2

[Event "22nd European Teams"]
[Site "Batumi GEO"]
[Date "2019.10.27"]
[Round "4.5"]
[Board "4"]
[White "Martinovic, Sasa"]
[Black "Salgado Lopez, Ivan"]
[Result "1/2-1/2"]
[WhiteTitle "GM"]
[BlackTitle "GM"]
[WhiteElo "2539"]
[BlackElo "2594"]
[WhiteTeam "Croatia"]
[BlackTeam "Spain"]
[WhiteFideId "14509792"]
[BlackFideId "2257327"]
[EventDate "2019.10.24"]

1. d4 Nf6 2. c4 e6 3. Nc3 Bb4 4. Qc2 O-O 5. Nf3 c5 6. dxc5 Na6 7. g3 Nxc5 8. Bg2
Nce4 9. O-O Bxc3 10. bxc3 Qc7 11. Nd4 d5 12. cxd5 exd5 13. Bf4 Qc5 14. Qb2 b6
15. Rac1 Bd7 16. Nb3 Qc6 17. c4 dxc4 18. Qd4 Rac8 19. Nd2 Qc5 20. Qxc5 Nxc5 21.
Nxc4 Ne6 22. Be5 Bb5 23. Nd6 Rxc1 24. Rxc1 Bxe2 25. Nc8 Nd7 26. Bd6 Re8 27. Nxa7
Nd4 28. Rc8 Rxc8 29. Nxc8 Nf3+ 30. Bxf3 Bxf3 1/2-1/2

[Event "22nd European Teams"]
[Site "Batumi GEO"]
[Date "2019.10.27"]
[Round "4.6"]
[Board "1"]
[White "Papaioannou, Ioannis"]
[Black "Nisipeanu, Liviu-Dieter"]
[Result "0-1"]
[WhiteTitle "GM"]
[BlackTitle "GM"]
[WhiteElo "2645"]
[BlackElo "2656"]
[WhiteTeam "Greece"]
[BlackTeam "Germany"]
[WhiteFideId "4201345"]
[BlackFideId "1202758"]
[EventDate "2019.10.24"]

1. d4 d5 2. c4 e6 3. Nf3 Nf6 4. e3 Be7 5. Bd3 dxc4 6. Bxc4 a6 7. O-O b5 8. Be2
Nbd7 9. a4 b4 10. Nbd2 Bb7 11. Nb3 O-O 12. Bd2 c5 13. dxc5 a5 14. c6 Bxc6 15.
Nfd4 Bb7 16. Rc1 Qb6 17. Bb5 Rac8 18. Qe2 Nc5 19. Rfd1 Nfe4 20. Nxc5 Bxc5 21.
Be1 Bxd4 22. Rxc8 Rxc8 23. Rxd4 Nd6 24. Qd3 Bd5 25. Bd2 Nxb5 26. axb5 f5 27. g4
Be4 28. Qb3 Kh8 29. h3 h6 30. gxf5 Bxf5 31. Rc4 Rd8 32. Bc1 e5 33. Rc6 Qxb5 34.
Qc4 Qb7 35. Kh2 Rf8 36. Qc5 Rf7 37. Qd5 Qe7 38. e4 Bd7 39. Rc2 Rf3 40. Be3 Rxh3+
41. Kg1 Bg4 42. Rc6 Bf3 0-1

[Event "22nd European Teams"]
[Site "Batumi GEO"]
[Date "2019.10.27"]
[Round "4.6"]
[Board "2"]
[White "Fridman, Daniel"]
[Black "Mastrovasilis, Dimitrios"]
[Result "1-0"]
[WhiteTitle "GM"]
[BlackTitle "GM"]
[WhiteElo "2637"]
[BlackElo "2596"]
[WhiteTeam "Germany"]
[BlackTeam "Greece"]
[WhiteFideId "11600454"]
[BlackFideId "4202694"]
[EventDate "2019.10.24"]

1. c4 e6 2. g3 d5 3. Bg2 Nf6 4. Nf3 d4 5. d3 c5 6. e4 Nc6 7. e5 Nd7 8. Bf4 Be7
9. h4 h5 10. O-O Nf8 11. Re1 Ng6 12. Bd2 Qd7 13. Na3 b6 14. Nc2 a5 15. b3 Bb7
16. a3 Ra7 17. b4 a4 18. Rb1 Ba8 19. Qe2 Qc7 20. Rb2 Kd7 21. Bg5 Bxg5 22. Nxg5
Rf8 23. f4 Nce7 24. Bxa8 Raxa8 25. Qxh5 Nf5 26. Qf3 Ra7 27. bxc5 bxc5 28. Reb1 1-0

[Event "22nd European Teams"]
[Site "Batumi GEO"]
[Date "2019.10.27"]
[Round "4.6"]
[Board "3"]
[White "Banikas, Hristos"]
[Black "Meier, Georg"]
[Result "1-0"]
[WhiteTitle "GM"]
[BlackTitle "GM"]
[WhiteElo "2597"]
[BlackElo "2628"]
[WhiteTeam "Greece"]
[BlackTeam "Germany"]
[WhiteFideId "4202031"]
[BlackFideId "4675789"]
[EventDate "2019.10.24"]

1. d4 Nf6 2. c4 e6 3. Nf3 d5 4. g3 Bb4+ 5. Bd2 Be7 6. Bg2 Nbd7 7. O-O c6 8. Qc2
O-O 9. Rd1 b6 10. b3 a5 11. Bc3 Bb7 12. Nbd2 Qc7 13. Rac1 c5 14. dxc5 Bxc5 15.
Qb2 Rfd8 16. a3 dxc4 17. Nxc4 Bd5 18. Nfe5 Bxg2 19. Kxg2 Ne8 20. f3 Nxe5 21.
Bxe5 Qe7 22. a4 Rd5 23. Bd4 Qd8 24. Bxc5 Rxd1 25. Bxb6 Qd5 26. Rxd1 Qxd1 27.
Bxa5 Rb8 28. Bb6 Nf6 29. Ne3 Qd6 30. a5 Nd7 31. Nc4 Qb4 32. Qd4 Nxb6 33. axb6
Qxb3 34. Qd6 Rf8 35. Ne5 Qe3 36. b7 Qxe2+ 37. Kh3 Qf1+ 38. Kh4 g5+ 39. Kg4 h5+
40. Kxg5 f6+ 41. Kh6 1-0

[Event "22nd European Teams"]
[Site "Batumi GEO"]
[Date "2019.10.27"]
[Round "4.6"]
[Board "4"]
[White "Svane, Rasmus"]
[Black "Mastrovasilis, Athanasios"]
[Result "1/2-1/2"]
[WhiteTitle "GM"]
[BlackTitle "GM"]
[WhiteElo "2592"]
[BlackElo "2521"]
[WhiteTeam "Germany"]
[BlackTeam "Greece"]
[WhiteFideId "4657101"]
[BlackFideId "4201990"]
[EventDate "2019.10.24"]

1. e4 e5 2. Nf3 Nc6 3. Bc4 Bc5 4. c3 Nf6 5. d3 a6 6. O-O Ba7 7. Re1 d6 8. Nbd2
O-O 9. Nf1 Na5 10. Bb3 Nxb3 11. axb3 h6 12. Ng3 Bd7 13. h3 Re8 14. Bd2 Qe7 15.
d4 Qf8 16. Qc2 Bb6 17. Be3 Re7 18. Re2 Rae8 19. Rae1 g6 20. Qd2 Kh7 21. c4 exd4
22. Bxd4 Bxd4 23. Qxd4 Qg7 24. Qa7 Bc8 25. c5 d5 26. exd5 Rxe2 27. Rxe2 Rxe2 28.
Nxe2 Nxd5 29. Qb8 Qxb2 30. Ned4 Be6 31. Qxb7 Qc1+ 32. Kh2 Qxc5 33. Qxa6 Bd7 34.
Qe2 Qd6+ 35. Qe5 Qxe5+ 36. Nxe5 Be8 37. Kg3 f6 38. Nd3 g5 39. f4 1/2-1/2

[Event "22nd European Teams"]
[Site "Batumi GEO"]
[Date "2019.10.27"]
[Round "4.7"]
[Board "1"]
[White "Jobava, Baadur"]
[Black "Lenic, Luka"]
[Result "0-1"]
[WhiteTitle "GM"]
[BlackTitle "GM"]
[WhiteElo "2617"]
[BlackElo "2644"]
[WhiteTeam "Georgia"]
[BlackTeam "Slovenia"]
[WhiteFideId "13601520"]
[BlackFideId "14603853"]
[EventDate "2019.10.24"]

1. b3 d5 2. Bb2 Bf5 3. e3 e6 4. f4 Nf6 5. Nf3 h6 6. Nc3 a6 7. h3 c5 8. g4 Bh7 9.
Ne2 Nc6 10. Bg2 Nb4 11. d3 c4 12. bxc4 dxc4 13. Ne5 Nfd5 14. Nxc4 b5 15. Bxd5
Nxd5 16. e4 bxc4 17. exd5 Qxd5 18. Rh2 cxd3 19. cxd3 Bxd3 20. Rc1 0-1

[Event "22nd European Teams"]
[Site "Batumi GEO"]
[Date "2019.10.27"]
[Round "4.7"]
[Board "2"]
[White "Borisek, Jure"]
[Black "Cheparinov, Ivan"]
[Result "1/2-1/2"]
[WhiteTitle "GM"]
[BlackTitle "GM"]
[WhiteElo "2584"]
[BlackElo "2670"]
[WhiteTeam "Slovenia"]
[BlackTeam "Georgia"]
[WhiteFideId "14603152"]
[BlackFideId "2905540"]
[EventDate "2019.10.24"]

1. e4 c5 2. Nf3 d6 3. Bb5+ Nd7 4. d4 cxd4 5. Qxd4 a6 6. Bxd7+ Qxd7 7. Nc3 e5 8.
Qd3 Qc6 9. O-O Be6 10. Re1 Rc8 11. a4 Ne7 12. Ng5 Bc4 13. Qg3 f6 14. Nf3 g6 15.
Nd2 Be6 16. f4 Bg7 17. Nf3 O-O 18. a5 b5 19. axb6 Qxb6+ 20. Qf2 Qxf2+ 21. Kxf2
Rc6 22. Kg1 Rb8 23. Rd1 Bf8 24. h3 Bf7 25. Kh2 h6 26. fxe5 fxe5 27. Ne1 Kg7 28.
Nd3 Ng8 29. Ra4 Nf6 30. Re1 Be8 31. Rb4 Rxb4 32. Nxb4 Rc4 33. Nbd5 Nxd5 34. exd5
g5 35. Be3 a5 36. Re2 Bg6 37. Bd2 a4 38. Be1 Rd4 39. Bf2 Rb4 40. Nd1 Be7 41. Be1
Rd4 42. Ne3 Bd8 43. c3 Re4 44. Bd2 Bb6 45. Re1 h5 46. g3 g4 47. hxg4 hxg4 48.
Kg2 Bc5 49. Kf1 a3 50. bxa3 Ra4 51. Ke2 Rxa3 52. Rf1 Ra2 53. Rd1 Kf7 54. Rf1+
Ke7 55. Rd1 Ra8 56. Rf1 Ra2 57. Rd1 Kf7 58. Rf1+ Kg7 59. Rd1 Ra4 60. Rf1 Bxe3
61. Kxe3 Ra5 62. Kf2 Rxd5 63. Be3 Ra5 64. Rd1 d5 65. Rd2 Kf6 66. Rb2 Bd3 67. Bd2
Kf5 68. c4 Rc5 69. cxd5 Rxd5 70. Be3 Ra5 71. Bb6 Ra4 72. Ke3 Be4 73. Bc5 Rc4 74.
Bb4 Bf3 75. Be1 Re4+ 76. Kf2 Ra4 77. Ke3 Ra3+ 78. Kf2 Bd5 79. Re2 Bf3 80. Re3
Ra2+ 81. Kf1 Rh2 82. Bf2 Rh1+ 83. Bg1 Rh7 84. Bf2 Bd5 85. Be1 Ra7 86. Bc3 Bc4+
87. Ke1 e4 88. Bd4 Rd7 89. Bc3 Bd3 90. Kd2 Rh7 91. Ba5 Ra7 92. Bb6 Ra6 93. Bc7
Ra2+ 94. Ke1 Ke6 95. Bf4 Kd5 96. Bg5 Kd4 97. Bf4 Ra1+ 98. Kd2 Rf1 99. Bh6 Rf2+
100. Ke1 Rh2 101. Bg5 Kc3 102. Bf6+ Kc2 103. Bg5 Rh1+ 104. Kf2 Kd1 105. Kg2 Rh5
106. Bf4 Ra5 107. Kf2 Ra2+ 108. Kg1 Rb2 109. Bg5 Rc2 110. Bf4 Ra2 111. Bg5 Ra5
112. Bf4 Rh5 113. Kf2 Rh2+ 114. Kg1 Rb2 115. Bg5 Rb5 116. Bf4 Kc2 117. Re1 Kc3
118. Re3 Rb1+ 119. Kg2 Kd4 120. Bg5 Bc2 121. Kf2 Bd3 122. Bf6+ Kd5 123. Bg5 Rb2+
124. Kg1 Ra2 125. Bf4 Be2 126. Kf2 Bf3+ 127. Kf1 Kd4 128. Kg1 Rg2+ 129. Kf1 Rh2
130. Kg1 Rh1+ 131. Kf2 1/2-1/2

[Event "22nd European Teams"]
[Site "Batumi GEO"]
[Date "2019.10.27"]
[Round "4.7"]
[Board "3"]
[White "Pantsulaia, Levan"]
[Black "Skoberne, Jure"]
[Result "1/2-1/2"]
[WhiteTitle "GM"]
[BlackTitle "GM"]
[WhiteElo "2603"]
[BlackElo "2567"]
[WhiteTeam "Georgia"]
[BlackTeam "Slovenia"]
[WhiteFideId "13602071"]
[BlackFideId "14604299"]
[EventDate "2019.10.24"]

1. c4 Nf6 2. g3 g6 3. Bg2 Bg7 4. Nc3 O-O 5. d4 d6 6. Nf3 Nc6 7. h3 e5 8. Be3 Re8
9. dxe5 dxe5 10. O-O Be6 11. Qa4 Qc8 12. Kh2 h6 13. Rad1 Nd7 14. c5 f5 15. Qc2
Nf6 16. Bc1 e4 17. Ng1 Nb4 18. Qb1 Nbd5 19. Nxd5 Bxd5 20. b3 Bc6 21. Bb2 Qe6 22.
e3 Bb5 23. Rfe1 Bd3 24. Qa1 Rad8 25. Ne2 Qf7 26. Rd2 Bxe2 27. Rexe2 c6 28. Bf1
Nd5 29. Bxg7 Qxg7 30. Rd4 Qe7 31. Rc2 Nf6 32. Bc4+ Kg7 33. Rcd2 Rxd4 34. Qxd4
Qe5 35. b4 Qxd4 36. Rxd4 Re7 37. a3 Nd7 38. Rd6 Ne5 39. Be6 Nf3+ 40. Kh1 Ng5 41.
Rd7 Kf6 42. Rxe7 Kxe7 43. Bc8 Kd8 44. Bxb7 Kc7 45. Ba6 Nxh3 46. Kg2 Ng5 47. Be2
h5 48. a4 Kb7 49. Bc4 Kc7 50. Be2 Kb7 51. Bc4 Kc7 52. Be2 1/2-1/2

[Event "22nd European Teams"]
[Site "Batumi GEO"]
[Date "2019.10.27"]
[Round "4.7"]
[Board "4"]
[White "Subelj, Jan"]
[Black "Paichadze, Luka"]
[Result "1/2-1/2"]
[WhiteTitle "FM"]
[BlackTitle "GM"]
[WhiteElo "2398"]
[BlackElo "2574"]
[WhiteTeam "Slovenia"]
[BlackTeam "Georgia"]
[WhiteFideId "14618583"]
[BlackFideId "13602934"]
[EventDate "2019.10.24"]

1. e4 d6 2. d4 Nf6 3. Nc3 e5 4. Nf3 Nbd7 5. Bc4 Be7 6. O-O O-O 7. Re1 b6 8. a4
a6 9. b3 Bb7 10. Bb2 c6 11. d5 c5 12. g3 Ne8 13. Nd2 Nc7 14. Bf1 f5 15. Nc4 fxe4
16. Bh3 Rb8 17. Nxe4 Bxd5 18. Ncxd6 Bxd6 19. Nxd6 Qf6 20. Ne4 Bxe4 21. Rxe4
Qxf2+ 22. Kh1 Rbd8 23. Qe2 Qf7 24. Rf1 Qd5 25. Rd1 Qf7 26. Rf1 Qd5 27. Rd1 Qf7
28. Rf1 1/2-1/2

[Event "22nd European Teams"]
[Site "Batumi GEO"]
[Date "2019.10.27"]
[Round "4.8"]
[Board "1"]
[White "Georgiev, Kiril"]
[Black "Bogner, Sebastian"]
[Result "1/2-1/2"]
[WhiteTitle "GM"]
[BlackTitle "GM"]
[WhiteElo "2577"]
[BlackElo "2571"]
[WhiteTeam "Republic of North Macedonia"]
[BlackTeam "Switzerland"]
[WhiteFideId "2900017"]
[BlackFideId "4692055"]
[EventDate "2019.10.24"]

1. d4 Nf6 2. Nf3 e6 3. c4 b6 4. Nc3 Bb7 5. a3 d5 6. cxd5 Nxd5 7. Qc2 Nxc3 8.
Qxc3 h6 9. Bf4 Bd6 10. Bg3 O-O 11. e3 Nd7 12. Rd1 Nf6 13. Bb5 Ne4 14. Qc2 Nxg3
15. hxg3 c5 16. dxc5 bxc5 17. O-O Bxf3 18. gxf3 Qb6 19. Bc4 Be5 20. b3 Rad8 21.
f4 Bf6 22. f5 exf5 23. Qxf5 Rd6 24. Rd5 Rxd5 25. Bxd5 Rd8 26. Rc1 Kf8 27. e4 Qd6
28. Rc4 g6 29. Qf3 Kg7 30. Kg2 Rd7 31. Qd3 h5 32. Qc2 Be7 33. Rc3 Bf8 34. Rd3
Be7 35. f4 Rd8 36. Qc4 Qf6 37. Kf3 Qa1 38. Qc3+ Qxc3 39. Rxc3 f5 40. Rc4 fxe4+
41. Kxe4 Re8 42. Bc6 Rd8 43. Bd5 Re8 44. Kf3 Rd8 45. Ke4 1/2-1/2

[Event "22nd European Teams"]
[Site "Batumi GEO"]
[Date "2019.10.27"]
[Round "4.8"]
[Board "2"]
[White "Pelletier, Yannick"]
[Black "Nedev, Trajko"]
[Result "1-0"]
[WhiteTitle "GM"]
[BlackTitle "GM"]
[WhiteElo "2555"]
[BlackElo "2500"]
[WhiteTeam "Switzerland"]
[BlackTeam "Republic of North Macedonia"]
[WhiteFideId "1301837"]
[BlackFideId "15000605"]
[EventDate "2019.10.24"]

1. Nf3 Nf6 2. c4 g6 3. Nc3 Bg7 4. e4 d6 5. d4 O-O 6. Be2 e5 7. O-O Nc6 8. Be3
Ng4 9. Bg5 f6 10. Bh4 Nh6 11. dxe5 dxe5 12. c5 Be6 13. Qa4 Qe8 14. Bc4 Nd8 15.
Qxe8 Rxe8 16. Nd2 c6 17. b4 Nhf7 18. Rfd1 Re7 19. Be2 Rd7 20. Nb3 Rxd1+ 21. Rxd1
Rc8 22. f3 g5 23. Bf2 Bf8 24. Rb1 Kg7 25. a3 Rc7 26. Na5 Bd7 27. Nc4 Ne6 28. Rd1
Nf4 29. Bf1 Be6 30. Na5 Bd7 31. Rd2 Be7 32. Nd1 g4 33. Be3 Ng5 34. Kf2 gxf3 35.
gxf3 f5 36. Nc4 Ng6 37. exf5 Bxf5 38. Nd6 Bd7 39. Nc3 Nf4 40. Bxf4 exf4 41. Ne2
Ne6 42. Bh3 Kf8 43. Bxe6 Bh4+ 44. Kf1 Bxe6 45. Nxf4 Bb3 46. Re2 Rd7 47. Re8+ Kg7
48. Kg2 Bg5 49. Kg3 b6 50. Rc8 bxc5 51. bxc5 Bxf4+ 52. Kxf4 Bd5 53. Rb8 Kg6 54.
Rb7 Rd8 55. Ke3 a5 56. f4 h6 57. f5+ Kf6 58. Kf4 Rg8 59. Rh7 Rg2 60. Rxh6+ Ke7
61. Rh7+ Kd8 62. Nb7+ Ke8 63. Nd6+ Kd8 64. Ne4 Rc2 65. Rh8+ Ke7 66. Rh7+ Kf8 67.
Ng5 Rxc5 68. f6 Kg8 69. Rd7 Be4 70. Kxe4 1-0

[Event "22nd European Teams"]
[Site "Batumi GEO"]
[Date "2019.10.27"]
[Round "4.8"]
[Board "3"]
[White "Pancevski, Filip"]
[Black "Georgiadis, Nico"]
[Result "1/2-1/2"]
[WhiteTitle "IM"]
[BlackTitle "GM"]
[WhiteElo "2490"]
[BlackElo "2528"]
[WhiteTeam "Republic of North Macedonia"]
[BlackTeam "Switzerland"]
[WhiteFideId "15002187"]
[BlackFideId "1300113"]
[EventDate "2019.10.24"]

1. e4 e5 2. Nf3 Nc6 3. Bc4 Bc5 4. O-O Nf6 5. d3 O-O 6. Re1 d6 7. c3 a6 8. a4 Ba7
9. h3 b5 10. Bb3 h6 11. axb5 axb5 12. Be3 Bd7 13. Bxa7 Rxa7 14. Rxa7 Nxa7 15. d4
Re8 16. Qd3 c5 17. dxc5 dxc5 18. Qe3 Qc7 19. Nbd2 Nc8 20. Ra1 Nd6 21. Bc2 Bc8
22. Ne1 c4 23. Ra8 Nd7 24. b4 cxb3 25. Bxb3 Nb6 26. Ra1 Be6 27. Ra6 Ndc8 28. Nc2
Bxb3 29. Nxb3 Na4 30. Nb4 Qxc3 31. Qxc3 Nxc3 32. f3 Ne7 33. Ra7 Ng6 34. Rc7 Ne2+
35. Kf2 Nef4 36. Rc5 Nh4 37. g3 Nxh3+ 38. Ke3 Ng6 39. Rxb5 Ng5 40. Nd2 Ne6 41.
Nd3 f6 42. f4 exf4+ 43. gxf4 Ne7 44. Nc4 Rd8 45. Rb6 Nd4 46. Rb7 Nec6 47. Nc5 h5
48. Kf2 Ra8 49. e5 fxe5 50. Nxe5 Nxe5 51. fxe5 Re8 52. Ke3 Nc6 53. e6 Kh7 54.
Ke4 Kh6 55. Kd5 Ne7+ 56. Kd6 Nf5+ 57. Ke5 Ne7 58. Kd6 Nf5+ 59. Ke5 Ne7 60. Kd6 1/2-1/2

[Event "22nd European Teams"]
[Site "Batumi GEO"]
[Date "2019.10.27"]
[Round "4.8"]
[Board "4"]
[White "Kurmann, Oliver"]
[Black "Nikolovski, Nikola"]
[Result "1-0"]
[WhiteTitle "IM"]
[BlackTitle "IM"]
[WhiteElo "2420"]
[BlackElo "2424"]
[WhiteTeam "Switzerland"]
[BlackTeam "Republic of North Macedonia"]
[WhiteFideId "1308173"]
[BlackFideId "15002314"]
[EventDate "2019.10.24"]

1. e4 c5 2. Nf3 d6 3. d4 cxd4 4. Nxd4 Nf6 5. Nc3 g6 6. Be3 Bg7 7. f3 Nc6 8. Qd2
O-O 9. Bc4 Bd7 10. O-O-O Ne5 11. Bb3 Rc8 12. Kb1 Nc4 13. Bxc4 Rxc4 14. g4 b5 15.
h4 h5 16. gxh5 Nxh5 17. Nce2 Qc7 18. Bh6 Rc8 19. Bxg7 Kxg7 20. Rc1 Rh8 21. c3 e5
22. Nc2 Be6 23. Rcd1 Rc6 24. Rhg1 a5 25. f4 Bc4 26. f5 Bxe2 27. Qxe2 Nf4 28. Qg4
b4 29. fxg6 fxg6 30. Rdf1 d5 31. exd5 Rf6 32. cxb4 Rb8 33. a3 Qc4 34. Qd7+ Kh6
35. Rf3 axb4 36. Ne3 Qe4+ 37. Ka2 Qxf3 38. Ng4+ Qxg4 39. Qxg4 b3+ 40. Kb1 Re8
41. Qf3 e4 42. Qe3 Kh7 43. d6 Nd3 44. Qb6 e3 45. Qxb3 Nc5 46. Qc3 Rf5 47. Re1 e2
48. b4 Nd7 49. Qc7 Rf7 50. Qc4 Rf2 51. Qb5 Nf6 52. d7 Rd8 53. Rxe2 Nd5 54. Qxd5
Rxe2 55. Qf7+ Kh6 56. h5 Re1+ 57. Kc2 Kxh5 58. Qf3+ Kh6 59. Qh3+ Kg7 60. Qc3+ 1-0